000
00236nam a2200097Ia 4500
001
834453
005
20250826172434.0
008
250824s9999 xx 000 0 und d
245
0
_a
BÜYÜK TUZAK
_c
ASLI DER
260
_b
GÜNIŞIĞI YAYINLARI
999
_c
834453
_d
834453